| 000 | 01314nam a22002297a 4500 | ||
|---|---|---|---|
| 005 | 20150904113757.0 | ||
| 008 | 150904n ck ||||fr|||| 001 m spa d | ||
| 040 |
_cSandra Yazo _dSandra Yazo |
||
| 041 | 0 | _aspa | |
| 082 | 0 | 4 |
_220 _a865 |
| 092 | _aE37N050 | ||
| 100 | 1 |
_971279 _aVega, Fernando de la _d1892- |
|
| 245 | 1 | 0 |
_aVerbo lírico _b(Oraciones y discursos) _cFernando de la Vega |
| 260 |
_aBobogotá (Colombia) _bEditorial Cromos _c[fecha desconocida] |
||
| 300 |
_a204 páginas _c18 x 13 cm. |
||
| 500 | _aDatetalles físicos: Encuadernación flexible en cartulina. Tapa delantera con datos de publicación impreso. Guarda con anotación manuscrita. Portada impresa en una sola tinta. Texto impreso en una columna. Papel manchado. Varias hojas pegadas | ||
| 505 | 0 | _aDon Pedro de Heredia ; Influencia social de la poesía ; La fiesta del trabajo ; El santo de Cartagena ; De carnaval ; Siete de Agosto ; Una peregrinación ; Juegos florales ; Ante Núñez ; Un Centenario ; Ante el cadáver de doña Soledad Román de Núñez ; Oración a los estudiantes ; Oración panegírica ; César Conto ; Ayacucho ; Loa a Cartagena de Indias | |
| 506 | _aConsulta en sala | ||
| 650 | 7 |
_913354 _aDiscursos colombianos |
|
| 690 |
_942861 _aLiteratura colombiana |
||
| 942 |
_2LOCAL _cLIBRO _e1 _hE37N050 |
||
| 999 |
_c301106 _d301106 |
||